000 00584nam a2200181Ia 4500
008 100921s9999 xx 000 0 und d
082 _b9428
_a891.461 थ 65
100 _aकुसुमाग्रज (शिरवाडकर वि.वा.).
245 _aकिनारा.
260 _bदेशमुख आणि कंपनी,पुणे.
_c1965
300 _a134
_b---
365 _b3.5
520 _aललित-काव्य.
630 _aकिनारा.
650 _aललित-काव्य.
730 _aकिनारा.
942 _cBOOK
999 _c758541
_d758538